Biología es 2 /
Guardado en:
| Autor Principal: | |
|---|---|
| Otros Autores: | , , , |
| Formato: | Libro |
| Publicado: |
Buenos Aires :
Tinta Fresca,
2007
|
| Series: | Es 2 Secundaria
|
| Materias: | |
| Etiquetas: |
Agregar Etiqueta
Sin Etiquetas, Sea el primero en etiquetar este registro!
|
| LEADER | 01493nam a22003255a 4500 | ||
|---|---|---|---|
| 001 | CEM.cems012847 | ||
| 005 | 20081016091145.0 | ||
| 008 | 130507s2007##################000#0#####d | ||
| 003 | CEMS | ||
| 020 | |a 9789875761810 | ||
| 082 | 0 | 4 | |a Z574 |
| 100 | 1 | |a Botto, Juan L. | |
| 245 | 1 | 0 | |a Biología es 2 / |c Coordinado Por Juan L. Botto |
| 260 | |a Buenos Aires : |b Tinta Fresca, |c 2007 | ||
| 300 | |a 223 p. | ||
| 490 | 0 | |a Es 2 Secundaria | |
| 505 | 0 | |a Características de los seres vivos -- La célula: unidad de los sistemas biológicos -- Clasificación de los seres vivos -- El organismo humano como sistema -- Relación y coordinación -- El organismo humano en acción -- Reproducción humana -- Los sistemas vivientes y su entorno -- Relación de los animales con el entorno -- Relación de las plantas con el entorno -- Homeostasis en los ecosistemas | |
| 653 | |a Biología | ||
| 653 | |a Biología-polimodal | ||
| 653 | |a Biología-educación secundaria básica | ||
| 653 | |a Biología 2º-esb | ||
| 700 | 1 | |a Mateu, Marina, coord. | |
| 700 | 1 | |a Caro, Gabriela | |
| 700 | 1 | |a Rodríguez, Mariana | |
| 700 | 1 | |a Reján, Amira | |
| 859 | |a CEMS |b BIB. CEMS - 11 de abril |h Z574 |i B659-1 |p 25114.08 |t Ej.1 | ||
| 859 | |a CEMS |b BIB. CEMS - 11 de abril |h Z574 |i B659-1 |p 25115.08 |t Ej.2 | ||
| 859 | |a CEMS |b BIB. CEMS - 11 de abril |h Z574 |i B659-1 |p 25116.08 |t Ej.3 | ||
| 859 | |a CEMS |b BIB. CEMS - 11 de abril |h Z574 |i B659-1 |p 25416.08 |t Ej.4 | ||
| 859 | |a CEMS |b BIB. CEMS - 11 de abril |h Z574 |i B659-1 |p 25417.08 |t Ej.5 | ||
